Normal view
MARC view
- Kakli, MUhammad Bilal
Entry Personal Name
001 - CONTROL NUMBER
- control field: 15963
003 - CONTROL NUMBER IDENTIFIER
- control field: NUST
005 - DATE AND TIME OF LATEST TRANSACTION
- control field: 20190628110114.0
008 - FIXED-LENGTH DATA ELEMENTS
- fixed length control field: 190628|| aca||aabn | a|a d
040 ## - CATALOGING SOURCE
- Original cataloging agency: NUST
- Transcribing agency: NUST
100 ## - HEADING--PERSONAL NAME
- Personal name: Kakli, MUhammad Bilal
670 ## - SOURCE DATA FOUND
- Source citation: Work cat.: (NUST): Kakli, MUhammad Bilal, TIME SERIES ANALYSIS AND FORECASTING IN PAKISTAN EDUCATION MANAGEMENT INFORMATION SYSTEM USING DATA MINING TECHNIQUES /, 2013.
